000
00291nam a22001217a 4500
008
180607b xxu||||| |||| 00| 0 eng d
041
_a
eng
080
_a
043.3
100
_a
0
101
_a
SHKI-BA
245
_a
Menaxhimi dhe vleresimi i Projekteve Softuerike
_c
Plakaj, Q
942
_2
udc
_c
BK
999
_c
46598
_d
46598